| 000 | 00400nam a2200169Ia 4500 | ||
|---|---|---|---|
| 008 | 230524s9999 xx 000 0 und d | ||
| 020 | _a9788125931256 | ||
| 082 |
_a5.13 _bDAS |
||
| 100 | _aRashmi Kanta Das | ||
| 245 | 0 | _aCore Java for Beginners | |
| 250 | _a1 | ||
| 260 |
_aNew Delhi _bVikas _c2010 |
||
| 300 | _a"XX,674p;" | ||
| 500 | _aQuantity Number: 2 | ||
| 650 | _aComp-Sc | ||
| 942 | _cBK | ||
| 999 |
_c56455 _d56455 |
||